000 00567nam a2200169 a 4500
001 11649
005 20180713195835.0
008 140415s1994 000 0 spa d
020 _a9686964320
041 _aspa
082 _a657.45
_bPOB
100 1 _aPOBLANO HERRERA, MARIA MAGDALENA
245 1 0 _aCONTADURIA INTERNACIONAL RETO DE INVESTIGACION PARA :
_bEL PROFESIONAL EN CONTADURIA DEL SIGLO 21
260 _a[s.l.] :
_bINSTITUTO MEXICANO DE CONTADORES PUBLICOS,
_c1994
300 _a142
650 1 4 _aAUDITORIA
_xCOMERCIO EXTERIOR
_xCONTABILIDAD
999 _c11649
_d11649